000 00791nam a2200277Ia 4500
001 Para_2130
003 CHAP
008 220125s1993 xx 000 0 und d
010 _a200744
040 _cCHAP
082 _aPA 632.95042 C6
100 _aCoscolla, Ramo
_9165599
245 _aResiduos de plaguicidas en alimentos vegetales /
_c por Ramon Coscolla
260 _aMadrid :
_b Mundi-Prensa
300 _a205 p.
650 _aPesticidas
_x efecto en plantas
_987553
650 _aPesticidas
_x residuos
_987570
650 _aResiduos quĂ­micos
_x efecto en alimentos
_996150
901 _aPA 632.95042 C6
902 _aA
905 _a0000001993 a 0000000000 00
910 _a1993
942 _cPARA
942 _cPARA
_d1
999 _c200744
_d200744